[Event "Ruhrgebiet Verbandsliga Gruppe 2 1819"]
[Site "Nordrheinwestfalen"]
[Date "2019.01.20"]
[Round "5.7"]
[White "Parado, Dominado"]
[Black "Moenkemeyer, Maik"]
[Result "0-1"]
[WhiteElo "1905"]
[BlackElo "1739"]
[PlyCount "96"]
[EventDate "2018.09.23"]
[EventType "team-tourn"]
[EventRounds "9"]
[EventCountry "GER"]
[SourceTitle "EXT 2022"]
[Source "ChessBase"]
[SourceDate "2021.10.06"]
[SourceVersion "1"]
[SourceVersionDate "2021.10.06"]
[SourceQuality "1"]
[WhiteTeam "Recklinghausen Sued"]
[BlackTeam "Boenen SV"]
[WhiteTeamCountry "GER"]
[BlackTeamCountry "GER"]

1. Nf3 b6 2. c4 Bb7 3. Nc3 e6 4. e4 Bb4 5. Qb3 Bxc3 6. Qxc3 Bxe4 7. Qxg7 Qf6 8. Qg3 d6 9. d3 Bxf3 10. gxf3 Qe5+ 11. Qxe5 dxe5 12. f4 exf4 13. Bg2 c6 14. Bxf4 Ne7 15. 0-0-0 Nd7 16. d4 Rc8 17. Be4 Ng6 18. Bh6 Rg8 19. h4 Nf6 20. Bf3 Nf8 21. h5 Ng4 22. Bxg4 Rxg4 23. f3 Rg3 24. f4 Nd7 25. Rdg1 Rxg1+ 26. Rxg1 Nf6 27. Rg5 c5 28. d5 exd5 29. cxd5 Rc7 30. d6 Rd7 31. Re5+ Kd8 32. Bf8 Ne8 33. Rd5 Kc8 34. Kd2 Kb7 35. Ke2 Kc6 36. Rg5 Nxd6 37. Rg7 f5 38. h6 Ne4 39. Rg8 Rd2+ 40. Ke1 Rxb2 41. Rh8 Rxa2 42. Rxh7 a5 43. Rg7 Rh2 44. h7 Kb5 45. Be7 a4 46. Bd8 a3 47. Ra7 a2 48. Kf1 Nc3 0-1

[Event "Ruhrgebiet Verbandsliga Gruppe 2 1819"]
[Site "Nordrheinwestfalen"]
[Date "2018.09.23"]
[Round "1.7"]
[White "Brieger, Sebastian"]
[Black "Moenkemeyer, Maik"]
[Result "0-1"]
[WhiteElo "1762"]
[BlackElo "1739"]
[PlyCount "76"]
[EventDate "2018.09.23"]
[EventType "team-tourn"]
[EventRounds "9"]
[EventCountry "GER"]
[SourceTitle "EXT 2022"]
[Source "ChessBase"]
[SourceDate "2021.10.06"]
[SourceVersion "1"]
[SourceVersionDate "2021.10.06"]
[SourceQuality "1"]
[WhiteTeam "Hamm SV"]
[BlackTeam "Boenen SV"]
[WhiteTeamCountry "GER"]
[BlackTeamCountry "GER"]

1. e4 g6 2. d4 Bg7 3. Nc3 d6 4. Nf3 Bg4 5. Be2 Nc6 6. Be3 e5 7. dxe5 dxe5 8. h3 Bxf3 9. Bxf3 Nd4 10. 0-0 Ne7 11. Be2 a6 12. a4 0-0 13. Bc4 Nc8 14. Ba2 Kh8 15. Qd2 Nd6 16. f4 Nc6 17. Rad1 f5 18. Bc5 fxe4 19. Bxd6 Qxd6 20. Qxd6 cxd6 21. Nxe4 exf4 22. c3 Be5 23. Nxd6 Bxd6 24. Rxd6 Rad8 25. Rxd8 Nxd8 26. Rd1 Nf7 27. Rd7 Ne5 28. Rxb7 f3 29. gxf3 Nxf3+ 30. Kg2 Ne1+ 31. Kg3 Rf3+ 32. Kg4 Rf5 33. Rb8+ Kg7 34. Rg8+ Kh6 35. Re8 Nd3 36. Bb1 Rg5+ 37. Kf3 Nxb2 38. Bc2 Rc5 0-1

[Event "Ruhrgebiet Bezirksliga 17/18"]
[Site "Ruhrgebiet"]
[Date "2017.12.17"]
[Round "5.2"]
[White "Markert, Kurt"]
[Black "Moenkemeyer, Maik"]
[Result "1/2-1/2"]
[WhiteElo "1730"]
[BlackElo "1710"]
[PlyCount "23"]
[EventDate "2017.09.03"]
[EventType "team-tourn"]
[EventRounds "9"]
[EventCountry "GER"]
[SourceTitle "EXT 2022"]
[Source "ChessBase"]
[SourceDate "2021.10.06"]
[SourceVersion "1"]
[SourceVersionDate "2021.10.06"]
[SourceQuality "1"]
[WhiteTeam "Kamen SV IV"]
[BlackTeam "Boenen SV II"]
[WhiteTeamCountry "GER"]
[BlackTeamCountry "GER"]

1. e4 d6 2. d4 Nf6 3. Nc3 g6 4. Nf3 Bg7 5. Bg5 c6 6. Be2 Bg4 7. Qd2 b5 8. a3 Qb6 9. 0-0 0-0 10. e5 dxe5 11. dxe5 Nfd7 12. Bxe7 1/2-1/2

[Event "Ruhrgebiet Bezirksliga 17/18"]
[Site "Ruhrgebiet"]
[Date "2017.09.17"]
[Round "2.2"]
[White "Moenkemeyer, Maik"]
[Black "Barskij, Alexander"]
[Result "1-0"]
[WhiteElo "1710"]
[BlackElo "1851"]
[PlyCount "107"]
[EventDate "2017.09.03"]
[EventType "team-tourn"]
[EventRounds "9"]
[EventCountry "GER"]
[SourceTitle "EXT 2022"]
[Source "ChessBase"]
[SourceDate "2021.10.06"]
[SourceVersion "1"]
[SourceVersionDate "2021.10.06"]
[SourceQuality "1"]
[WhiteTeam "Boenen SV II"]
[BlackTeam "Unna SV"]
[WhiteTeamCountry "GER"]
[BlackTeamCountry "GER"]

1. d4 d5 2. c4 e6 3. Nc3 Nf6 4. cxd5 exd5 5. Nf3 Bb4 6. Bg5 Nbd7 7. e3 0-0 8. Bd3 c5 9. 0-0 Qa5 10. Qc2 Bxc3 11. Qxc3 Qxc3 12. bxc3 c4 13. Bc2 Re8 14. Bxf6 Nxf6 15. Ne5 Be6 16. Rab1 Re7 17. f3 Rc8 18. e4 Rcc7 19. Rfe1 Kf8 20. Kf2 Nd7 21. exd5 Bxd5 22. Nxd7+ Rcxd7 23. Be4 Be6 24. Rb5 a6 25. Rb6 f5 26. Bxb7 Rxb7 27. Rbxe6 Rxe6 28. Rxe6 Rb2+ 29. Re2 Rb1 30. Rc2 f4 31. g3 g5 32. Kg2 Ke7 33. Kh3 h5 34. gxf4 gxf4 35. Kh4 Rf1 36. Kxh5 Rxf3 37. Kg4 Rf1 38. h4 Kf6 39. h5 f3 40. Kg3 Kg5 41. Rf2 Rc1 42. Rxf3 Rc2 43. a4 Kxh5 44. Kf4 Rd2 45. Kf5 Kh4 46. Ke4 Kg4 47. Re3 Kg5 48. Kd5 Ra2 49. Kxc4 Rxa4+ 50. Kc5 Kf4 51. Re1 Ra2 52. d5 Rd2 53. d6 Rd3 54. c4 1-0

[Event "Ruhrgebiet Verbandsklasse 1617 Aufstieg"]
[Site "Germany"]
[Date "2017.06.11"]
[Round "2.8"]
[White "Potyrala, Lukasz Rafal"]
[Black "Moenkemeyer, Maik"]
[Result "1-0"]
[WhiteElo "1696"]
[BlackElo "1741"]
[PlyCount "151"]
[EventDate "2017.05.28"]
[EventType "team-tourn"]
[EventRounds "3"]
[EventCountry "GER"]
[SourceTitle "EXT 2022"]
[Source "ChessBase"]
[SourceDate "2021.10.06"]
[SourceVersion "1"]
[SourceVersionDate "2021.10.06"]
[SourceQuality "1"]
[WhiteTeam "Dortmund FS"]
[BlackTeam "Boenen SV"]
[WhiteTeamCountry "GER"]
[BlackTeamCountry "GER"]

1. d4 d5 2. Nf3 Nf6 3. Bf4 Bf5 4. e3 e6 5. c3 Nbd7 6. Nbd2 c5 7. Be2 Qb6 8. Qb3 c4 9. Qxb6 axb6 10. 0-0 Be7 11. a4 Bc2 12. Bd1 Bd3 13. Re1 b5 14. a5 b4 15. Ba4 0-0 16. Bb5 Rfc8 17. Ne5 Nxe5 18. Bxe5 Ne4 19. Nxe4 Bxe4 20. Bg3 bxc3 21. bxc3 Ra7 22. Ra2 h5 23. h3 g5 24. Rea1 Kh7 25. a6 b6 26. f3 Bf5 27. Re1 Bg6 28. e4 dxe4 29. fxe4 f5 30. exf5 Bxf5 31. Rae2 h4 32. Bf2 Bf6 33. Re3 Rac7 34. Kh1 Rd8 35. Bg1 Rd5 36. Bh2 Rc8 37. Ba4 Ra5 38. Bd7 Ra8 39. Bxe6 R8xa6 40. Bxc4 Ra7 41. Bd6 Ra1 42. Rxa1 Rxa1+ 43. Kh2 Ra7 44. Be6 Kg6 45. Bb4 b5 46. d5 Bxe6 47. dxe6 Be7 48. Bxe7 Rxe7 49. Re5 Kf6 50. Rxb5 Rxe6 51. c4 Rc6 52. Rb4 Rc5 53. Kg1 Ke6 54. Kf2 Kd6 55. Ke3 Rc8 56. Kd4 Kc6 57. Rb5 Rg8 58. Rf5 g4 59. Rf6+ Kc7 60. Rh6 gxh3 61. gxh3 Rd8+ 62. Kc5 Rg8 63. Rxh4 Rg5+ 64. Kb4 Rg1 65. Rh8 Rb1+ 66. Kc5 Rf1 67. Rh7+ Kc8 68. h4 Rf5+ 69. Kb6 Rf6+ 70. Kb5 Kb8 71. c5 Rf1 72. h5 Rb1+ 73. Kc6 Rf1 74. h6 Rf6+ 75. Kb5 Rf1 76. Rg7 1-0

[Event "Ruhrgebiet Bezirksliga 16/17"]
[Site "Ruhrgebiet"]
[Date "2017.01.08"]
[Round "6.3"]
[White "Lankers, Marcus"]
[Black "Moenkemeyer, Maik"]
[Result "1-0"]
[WhiteElo "1752"]
[BlackElo "1706"]
[PlyCount "89"]
[EventDate "2016.08.28"]
[EventType "team-tourn"]
[EventRounds "11"]
[EventCountry "GER"]
[SourceTitle "EXT 2022"]
[Source "ChessBase"]
[SourceDate "2021.10.06"]
[SourceVersion "1"]
[SourceVersionDate "2021.10.06"]
[SourceQuality "1"]
[WhiteTeam "Hamm SG Caissa"]
[BlackTeam "Boenen SV II"]
[WhiteTeamCountry "GER"]
[BlackTeamCountry "GER"]

1. e4 d6 2. d4 Nf6 3. Bd3 g6 4. c4 Bg7 5. Nc3 e5 6. d5 Na6 7. h3 0-0 8. Be3 b6 9. Qd2 Nc5 10. Bc2 a5 11. Nge2 Ba6 12. b3 Qe7 13. Bg5 Qd7 14. a4 Rae8 15. Ng3 Bc8 16. 0-0-0 Nfxe4 17. Ngxe4 Nxe4 18. Bxe4 f5 19. Bc2 Qf7 20. Bh6 Bd7 21. Bxg7 Qxg7 22. f3 f4 23. Be4 Qf6 24. h4 Kg7 25. Qf2 Re7 26. g4 fxg3 27. Qxg3 Qf4+ 28. Qxf4 Rxf4 29. Kd2 Kh6 30. Rh2 Rf8 31. Rg1 Bf5 32. Ke3 Ref7 33. Rg3 Bxe4 34. Nxe4 Rf5 35. Ng5 Rc8 36. Ne6 c6 37. Rd2 Rf6 38. Ng5 cxd5 39. Rxd5 Rc5 40. Ne4 Rxd5 41. cxd5 Rf8 42. Nxd6 Kh5 43. Nc4 Kxh4 44. Rg4+ Kh3 45. Nxe5 1-0

[Event "Ruhrgebiet Bezirksliga 15/16"]
[Site "Ruhrgebiet"]
[Date "2015.10.25"]
[Round "3.3"]
[White "Moenkemeyer, Maik"]
[Black "Spaeh, Jan Lukas"]
[Result "1/2-1/2"]
[WhiteElo "1646"]
[BlackElo "1647"]
[PlyCount "38"]
[EventDate "2015.08.30"]
[EventType "team-tourn"]
[EventRounds "9"]
[EventCountry "GER"]
[SourceTitle "EXT 2022"]
[Source "ChessBase"]
[SourceDate "2021.10.06"]
[SourceVersion "1"]
[SourceVersionDate "2021.10.06"]
[SourceQuality "1"]
[WhiteTeam "Boenen SV II"]
[BlackTeam "Kamen SV IV"]
[WhiteTeamCountry "GER"]
[BlackTeamCountry "GER"]

1. d4 c5 2. d5 g6 3. c4 Bg7 4. Nc3 d6 5. Bf4 Nf6 6. Qd2 0-0 7. Bh6 Bxh6 8. Qxh6 e6 9. Nf3 Ng4 10. Qd2 Ne5 11. Nxe5 dxe5 12. e4 a6 13. a4 exd5 14. cxd5 Qd6 15. Bd3 b6 16. 0-0 Nd7 17. Qe3 Bb7 18. b3 Rad8 19. f3 Qe7 1/2-1/2

[Event "Ruhrgebiet Bezirksliga 15/16"]
[Site "Ruhrgebiet"]
[Date "2015.09.20"]
[Round "2.3"]
[White "Heinrich, Reinhard"]
[Black "Moenkemeyer, Maik"]
[Result "1/2-1/2"]
[WhiteElo "1695"]
[BlackElo "1646"]
[PlyCount "27"]
[EventDate "2015.08.30"]
[EventType "team-tourn"]
[EventRounds "9"]
[EventCountry "GER"]
[SourceTitle "EXT 2022"]
[Source "ChessBase"]
[SourceDate "2021.10.06"]
[SourceVersion "1"]
[SourceVersionDate "2021.10.06"]
[SourceQuality "1"]
[WhiteTeam "Kamen SV III"]
[BlackTeam "Boenen SV II"]
[WhiteTeamCountry "GER"]
[BlackTeamCountry "GER"]

1. c4 c6 2. Nf3 d5 3. d4 e6 4. e3 Nf6 5. b3 Be7 6. Bb2 0-0 7. Bd3 Nbd7 8. 0-0 h6 9. Nbd2 Qc7 10. c5 b6 11. cxb6 axb6 12. Qc2 Ba6 13. Rfc1 Bxd3 14. Qxd3 1/2-1/2

[Event "Dortmund Sparkassen op-B"]
[Site "Dortmund"]
[Date "2015.06.30"]
[Round "4"]
[White "Weidmann, Kevin"]
[Black "Moenkemeyer, Maik"]
[Result "1-0"]
[WhiteElo "1846"]
[BlackElo "1674"]
[PlyCount "47"]
[EventDate "2015.06.27"]
[EventType "swiss"]
[EventRounds "9"]
[EventCountry "GER"]
[SourceTitle "CBM 167 Extra"]
[Source "ChessBase"]
[SourceDate "2015.09.14"]
[SourceVersion "1"]
[SourceVersionDate "2015.09.14"]
[SourceQuality "1"]

1. c4 e5 2. g3 Nf6 3. Bg2 d5 4. cxd5 Nxd5 5. Nc3 c6 6. Nf3 Bd6 7. 0-0 Be6 8. d4 Nd7 9. e4 Nxc3 10. bxc3 0-0 11. Re1 Re8 12. Nh4 Be7 13. d5 cxd5 14. exd5 Bxd5 15. Qxd5 Bxh4 16. gxh4 Rb8 17. Rd1 Nc5 18. Be3 Qxd5 19. Rxd5 Na4 20. Rc1 Rbc8 21. c4 b6 22. Rd7 a5 23. Bd5 Rf8 24. Bg5 1-0

[Event "Dortmund Sparkassen op-B"]
[Site "Dortmund"]
[Date "2015.06.28"]
[Round "2"]
[White "Boerkey, Joel"]
[Black "Moenkemeyer, Maik"]
[Result "0-1"]
[WhiteElo "1474"]
[BlackElo "1674"]
[PlyCount "158"]
[EventDate "2015.06.27"]
[EventType "swiss"]
[EventRounds "9"]
[EventCountry "GER"]
[SourceTitle "CBM 167 Extra"]
[Source "ChessBase"]
[SourceDate "2015.09.14"]
[SourceVersion "1"]
[SourceVersionDate "2015.09.14"]
[SourceQuality "1"]

1. d4 d5 2. c4 e6 3. Nf3 c6 4. e3 Nf6 5. Nc3 Bd6 6. b3 Nbd7 7. Bd3 0-0 8. 0-0 dxc4 9. bxc4 e5 10. d5 cxd5 11. cxd5 Qa5 12. Bb2 Bb4 13. Nb5 a6 14. a3 Be7 15. Nc3 g6 16. e4 Bd6 17. Re1 b5 18. Qe2 Bb7 19. Rec1 Rac8 20. Qd2 Nc5 21. Bc2 Rfe8 22. Qe1 Rc7 23. Na2 Qxe1+ 24. Rxe1 Ncd7 25. Rac1 Rec8 26. Bb1 Rxc1 27. Rxc1 Rxc1+ 28. Nxc1 Nh5 29. Nd3 f6 30. Ba2 Nb6 31. g4 Ng7 32. g5 Ne8 33. gxf6 Nxf6 34. Bxe5 Nxe4 35. Bxd6 Nxd6 36. Nb4 Kg7 37. Nd4 Ndc4 38. Ne6+ Kf6 39. Nc7 a5 40. Nc2 Bxd5 41. Nxb5 Nxa3 42. Bxd5 Nxc2 43. Bb3 Nb4 44. f3 a4 45. Bxa4 Nxa4 46. Kg2 Nd5 47. Nd6 Nac3 48. Kg3 Ne2+ 49. Kf2 Nef4 50. Ne4+ Kf5 51. Kg3 Nh5+ 52. Kf2 Kf4 53. h4 Ne7 54. Ng5 h6 55. Nf7 Nf5 56. Nh8 Nxh4 57. Nf7 Nf5 58. Nh8 Kg5 59. Nxg6 Kxg6 60. Kg2 Kg5 61. Kh1 Kf4 62. Kg2 Nh4+ 63. Kh1 Nxf3 64. Kg2 Nf6 65. Kh1 Ng4 66. Kg2 Ne1+ 67. Kh3 h5 68. Kh4 Nf6 69. Kh3 Nf3 70. Kg2 Kg4 71. Kh1 Ne4 72. Kg2 Ne5 73. Kh2 Nd3 74. Kg2 Nf4+ 75. Kg1 Kg3 76. Kh1 h4 77. Kg1 h3 78. Kh1 Nf2+ 79. Kg1 h2+ 0-1

[Event "Dortmund Sparkassen op-B"]
[Site "Dortmund"]
[Date "2015.06.27"]
[Round "1"]
[White "Moenkemeyer, Maik"]
[Black "Kaplun, David"]
[Result "0-1"]
[WhiteElo "1674"]
[BlackElo "1948"]
[PlyCount "82"]
[EventDate "2015.06.27"]
[EventType "swiss"]
[EventRounds "9"]
[EventCountry "GER"]
[SourceTitle "CBM 167 Extra"]
[Source "ChessBase"]
[SourceDate "2015.09.14"]
[SourceVersion "1"]
[SourceVersionDate "2015.09.14"]
[SourceQuality "1"]

1. d4 d5 2. c4 e6 3. Nc3 Nf6 4. cxd5 exd5 5. Bg5 Be7 6. e3 c6 7. Bd3 0-0 8. Qc2 Nbd7 9. Nf3 Re8 10. 0-0 a6 11. a3 h6 12. Bh4 Ne4 13. Bxe7 Qxe7 14. b4 f5 15. g3 Qe6 16. Na4 Qg6 17. Nc5 Ndf6 18. Ne5 Qh5 19. f3 Nd6 20. Nxa6 bxa6 21. Qxc6 Nb7 22. Bxa6 Re6 23. Bxb7 Rxc6 24. Bxc6 Rb8 25. b5 Bb7 26. a4 Qg5 27. Kf2 Bxc6 28. Nxc6 Re8 29. Ne5 Nd7 30. f4 Qe7 31. Rfb1 Nxe5 32. fxe5 Qa7 33. b6 Qa5 34. b7 Rb8 35. Ke2 Qa6+ 36. Kf3 Rxb7 37. Rxb7 Qxb7 38. a5 Qa6 39. h4 g6 40. g4 fxg4+ 41. Kxg4 Qe2+ 0-1